| 000 -LEADER |
| fixed length control field |
00665 a2200217 4500 |
| 003 - CONTROL NUMBER IDENTIFIER |
| control field |
OSt |
| 005 - DATE AND TIME OF LATEST TRANSACTION |
| control field |
20260115171226.0 |
| 008 - FIXED-LENGTH DATA ELEMENTS--GENERAL INFORMATION |
| fixed length control field |
260115b ||||| |||| 00| 0 eng d |
| 020 ## - INTERNATIONAL STANDARD BOOK NUMBER |
| International Standard Book Number |
978-93-325-7412-0 |
| 040 ## - CATALOGING SOURCE |
| Transcribing agency |
. |
| 082 ## - DEWEY DECIMAL CLASSIFICATION NUMBER |
| Classification number |
658.001 |
| Item number |
R632 |
| 100 ## - MAIN ENTRY--PERSONAL NAME |
| 9 (RLIN) |
1779 |
| Personal name |
Robbins, Stephen P. |
| 245 ## - TITLE STATEMENT |
| Title |
Fundamentals of Management: Essential Concepts and Applications / |
| Statement of responsibility, etc. |
by Stephen P. Robbins, Mary Coulter and David De Cenzo |
| 250 ## - EDITION STATEMENT |
| Edition statement |
9th ed. |
| 260 ## - PUBLICATION, DISTRIBUTION, ETC. |
| Name of publisher, distributor, etc. |
Pearson India Education Services Pvt Ltd, |
| Place of publication, distribution, etc. |
India : |
| Date of publication, distribution, etc. |
2017. |
| 300 ## - PHYSICAL DESCRIPTION |
| Extent |
504 p. |
| 650 #0 - SUBJECT ADDED ENTRY--TOPICAL TERM |
| 9 (RLIN) |
97 |
| Topical term or geographic name entry element |
Management |
| 700 ## - ADDED ENTRY--PERSONAL NAME |
| 9 (RLIN) |
5597 |
| Personal name |
Coulter, Mary |
|
| 9 (RLIN) |
5337 |
| Personal name |
Cenzo, David De |
| 942 ## - ADDED ENTRY ELEMENTS (KOHA) |
| Source of classification or shelving scheme |
|
| Koha item type |
Books |